Größte Stadt Asiens A-Z - Statistiken

Allgemein
  • Dieses Quiz wurde 75 mal gespielt
  • Das Durchschnittsergebnis liegt bei 19 aus 26
Antwortstatistiken
Buchstabe Einwohner Land Stadt % Korrekt
B 21.2 Mio. Thailand Bangkok
97%
I 15.9 Mio. Türkei Istanbul
95%
T 41.0 Mio. Japan Tokio
95%
D 34.6 Mio. Indien Delhi
94%
J 29.2 Mio. Indonesien Jakarta
94%
M 27.2 Mio. Philippinen Manila
90%
R 7.50 Mio. Saudi-Arabien Riad
90%
S 40.8 Mio. China Shanghai
89%
O 17.7 Mio. Japan Osaka
87%
P 21.2 Mio. China Peking
87%
W 12.2 Mio. China Wuhan
84%
G 70.1 Mio. China Guangzhou
78%
L 14.5 Mio. Pakistan Lahore
75%
K 20.9 Mio. Pakistan Karatschi
73%
A 9.60 Mio. Indien Ahmedabad
71%
N 10.5 Mio. Japan Nagoya
71%
C 17.3 Mio. China Chengdu
63%
X 14.9 Mio. China Xiamen
59%
Y 6.15 Mio. Myanmar Yangon
59%
Q 7.45 Mio. China Qingdao
56%
H 13.9 Mio. China Hangzhou
52%
U 4.85 Mio. China Ürümqi
51%
F 4.65 Mio. China Fuzhou
49%
E 1.19 Mio. Irak Erbil
46%
Z 9.80 Mio. China Zhengzhou
43%
V 2.425 Mio. Indien Visakhapatnam
13%
Keine übereinstimmenden Quizze gefunden
Verteilung der Resultate
Anzahl Personen mit jedem Resultat
Perzentil nach korrekt beantworteten Fragen
Ihre Resultats-Entwicklung
Sie haben dieses Quiz noch nicht gespielt